| 000 | 00955nam a22002417a 4500 | ||
|---|---|---|---|
| 999 |
_c3346 _d3346 |
||
| 005 | 20231120085649.0 | ||
| 008 | 231120b ||||| |||| 00| 0 eng d | ||
| 020 | _a9781419712159 | ||
| 040 | _cKH8 | ||
| 082 | _aFIC IBB | ||
| 100 |
_aIbbotson, Eva _eAuthor |
||
| 245 |
_a The abominables / _cEva Ibbotson |
||
| 260 |
_a New York, _bAmulet Books, _c 2013 |
||
| 300 |
_a258 pages : _b illustrations ; _c20 cm |
||
| 500 | _a Map on lining papers | ||
| 520 | _aA century after a yeti captures Lady Agatha Farlingham and takes her to a hidden valley to raise his motherless children, tourism threatens their peaceful existence and young Con and Ellen take these educated and civilized yetis across Europe to Lady Agatha's home in England | ||
| 521 | _aAction and adventure fiction | ||
| 650 | _aAction and adventure fiction | ||
| 650 | _aEurope Fiction | ||
| 650 | _aFantasy fiction | ||
| 700 |
_aRobinson, Fiona _eIllustrator |
||
| 942 |
_2ddc _cFIC |
||